| 000 | 00488cam a22001812 4500 | ||
|---|---|---|---|
| 001 | 0000006132 | ||
| 005 | 20151217152013.0 | ||
| 008 | 070920s xx 000 0 eng d | ||
| 020 |
_a9966882057 : _cKES 300 |
||
| 040 |
_aKABU _cKABU |
||
| 100 | 1 |
_aOgola, margaret A. _@0000157522 |
|
| 245 | 1 | 4 | _aThe river and the source. |
| 260 |
_aNairobi : _bFocus, _c1994. |
||
| 300 | _a288 p. | ||
| 852 | 1 | _9p410 KES | |
| 908 | _a070920 | ||
| 950 | _@1 | ||
| 999 |
_c7203 _d7203 |
||